000 00923nam a2200253 a 4500
003 OSt
005 20240408140521.0
008 240408b2020 mx a|||| |||| 001 0 spa d
040 _cCHAP
_erda
082 0 0 _222
_a378.16
_bA26
245 0 0 _aAgenda de iniciativas estratégicas (AIE) Octubre 2020 actualización :
_bDR. José Solís Ramírez Rectorá 2019-2023 /
_cpor UPOM.
250 _aPrimera edición
264 1 _aChapingo, Méx. :
_bUACH. UPOM,
_c2020.
300 _aiii, 77 páginas:
_bcuadros, figuras.
336 _2rdacontent
_atexto
_btxt
337 _2rdamedia
_asin medio
_bn
338 _2rdacarrier
_avolumen
_bnc
650 4 _9115801
_aUACH
_xAdministración
650 4 _9115804
_aUACH
_xPlanes de estudio
650 4 _939208
_aExtensión universitaria
650 4 _9153833
_aUniversidades
_xModernización
710 2 _9115816
_aUACH.
_bUnidad de Planeación, Organización y Métodos
942 _2ddc
_cLIBRO
999 _c219837
_d219837